01211cam a2200217 a 45000010009000000050017000090080041000260100017000670200025000840400018001090420008001270500020001350820020001551000022001752450083001972500025002802600037003053000035003425050569003776500047009461713623620230128132743.0120126r20122011nyub 000 0 eng  a 2011501957 a9780307476395 (pbk.) aDLCcDLCdDLC apcc00aD863b.F75 201200a909.831,FRI2231 aFriedman, George.14aThe next decade :bempire and republic in a changing world /cGeorge Friedman. a1st Anchor books ed. aNew York :bAnchor Books,c2012. axxii, 243 p. :bmaps ;c20 cm. aIntroduction Rebalancing America (Page-1), The Unintended Empire (Page-13), Republic Empire and the Machiavellian Pesdiant (Page-30), The Financial Crisis and The Resurgent State (Page-41), Finding the Balance of Power (Page-54), The Tare Trap (Page-70), Pesdiant Policy (Page-84), Strategic Reversal The United States Iran and The Middle East (Page-105), Europe return History (Page-142), Facing Hemisphere (Page-194), Africa a place to leave alone (Page-215), The Technologies and Deographic Imbalance (Pagew-223), The Empire The Republic and Decade (Page-237). 0aWorld politicsy21st centuryxForecasting.